When the clouds part : (Record no. 254)

MARC details
000 -LEADER
fixed length control field 02240cam a2200373 i 4500
001 - CONTROL NUMBER
control field 18082654
003 - CONTROL NUMBER IDENTIFIER
control field OSt
005 - DATE AND TIME OF LATEST TRANSACTION
control field 20240309170615.0
008 - FIXED-LENGTH DATA ELEMENTS--GENERAL INFORMATION
fixed length control field 140326s2014 maua b 001 0 eng
010 ## - LIBRARY OF CONGRESS CONTROL NUMBER
LC control number 2014002345
020 ## - INTERNATIONAL STANDARD BOOK NUMBER
International Standard Book Number 9781559394178 (hardback : alk. paper)
040 ## - CATALOGING SOURCE
Original cataloging agency DLC
Language of cataloging eng
Transcribing agency DLC
Description conventions rda
Modifying agency DLC
041 1# - LANGUAGE CODE
Language code of text/sound track or separate title eng
Language code of original san
-- tib
042 ## - AUTHENTICATION CODE
Authentication code pcc
050 00 - LIBRARY OF CONGRESS CALL NUMBER
Classification number BQ3022.E5
Item number B78 2014
082 00 - DEWEY DECIMAL CLASSIFICATION NUMBER
Classification number 294.3/85
Edition number 23
084 ## - OTHER CLASSIFICATION NUMBER
Classification number REL007050
-- REL007030
-- REL007020
Number source bisacsh
130 0# - MAIN ENTRY--UNIFORM TITLE
Uniform title Ratnagotravibhāga.
Language of a work English.
245 10 - TITLE STATEMENT
Title When the clouds part :
Remainder of title the Uttaratantra and its meditative tradition as a bridge between sutra and tantra /
Statement of responsibility, etc. translated and introduced by Karl Brunnholzl.
250 ## - EDITION STATEMENT
Edition statement First edition.
264 #1 - PRODUCTION, PUBLICATION, DISTRIBUTION, MANUFACTURE, AND COPYRIGHT NOTICE
Place of production, publication, distribution, manufacture Boston :
Name of producer, publisher, distributor, manufacturer Snow Lion,
Date of production, publication, distribution, manufacture, or copyright notice 2014.
300 ## - PHYSICAL DESCRIPTION
Extent xiii, 1334 pages :
Other physical details illustrations ;
Dimensions 24 cm.
336 ## - CONTENT TYPE
Content type term text
Source rdacontent
337 ## - MEDIA TYPE
Media type term unmediated
Source rdamedia
338 ## - CARRIER TYPE
Carrier type term volume
Source rdacarrier
490 0# - SERIES STATEMENT
Series statement The Tsadra Foundation series
504 ## - BIBLIOGRAPHY, ETC. NOTE
Bibliography, etc. note Includes bibliographical references (pages 1235-1258) and index.
520 ## - SUMMARY, ETC.
Summary, etc. "A new translation of the primary Indian Buddhist text on Buddha nature, with Tibetan commentaries explaining how this text can be used to contemplate and realize one's own Buddha nature. "Buddha nature" (tathāgatagarbha) is the innate potential in all living beings to become a fully awakened Buddha. The book gives an overview of the sūtra sources of the tathāgatagarbha teachings and the different ways of explaining the meaning of this term. In particular, it includes new translations of the Mahāyānottaratantra (Ratnagotravibhāga), the primary Indian text on the subject, its Indian commentaries, and two (hitherto untranslated) commentaries from the Tibetan Kagyu tradition. Most important, the book investigates in detail the meditative tradition of using the Mahāyānottaratantra as a basis for Mahāmudrā instructions and the Shentong approach"--
Assigning source Provided by publisher.
650 ## - SUBJECT ADDED ENTRY--TOPICAL TERM
Topical term or geographic name entry element Mahayana Buddhism
General subdivision Doctrines
700 1# - ADDED ENTRY--PERSONAL NAME
Personal name Brunnhölzl, Karl,
Relator term translator.
906 ## - LOCAL DATA ELEMENT F, LDF (RLIN)
a 7
b cbc
c orignew
d 1
e ecip
f 20
g y-gencatlg
942 ## - ADDED ENTRY ELEMENTS (KOHA)
Source of classification or shelving scheme
Koha item type Book
Suppress in OPAC No
Holdings
Withdrawn status Lost status Source of classification or shelving scheme Damaged status Not for loan Collection Home library Current library Shelving location Date acquired Total checkouts Full call number Barcode Date last seen Price effective from Koha item type
    Lindholme Classification Scheme     Vajrayana Lindholme Hall Library Lindholme Hall Library General stacks 09/03/2024   493.1 WHE 2400024 09/03/2024 09/03/2024 Book
    Lindholme Classification Scheme     Vajrayana Lindholme Hall Library Lindholme Hall Library General stacks 09/03/2024   493.1 WHE 2500156 20/09/2025 09/03/2024 Book